[Event "KGZ-ch"]
[Site "Bishkek"]
[Date "2019.04.18"]
[Round "6"]
[White "Atambaev, Selim"]
[Black "Isirailov, Tynar"]
[Result "1-0"]
[WhiteElo "1363"]
[BlackElo "1666"]
[PlyCount "55"]
[EventDate "2019.04.13"]
[EventType "swiss"]
[EventRounds "9"]
[EventCountry "KGZ"]
[SourceTitle "CBM 190 Extra"]
[Source "ChessBase"]
[SourceDate "2019.07.15"]
[SourceVersion "1"]
[SourceVersionDate "2019.07.15"]
[SourceQuality "1"]

1. d4 Nf6 2. c4 g6 3. Nc3 d5 4. cxd5 Nxd5 5. e4 Nxc3 6. bxc3 Bg7 7. Nf3 0-0 8. Be2 c5 9. 0-0 Bg4 10. Rb1 cxd4 11. cxd4 b6 12. h3 Bxf3 13. Bxf3 Nc6 14. e5 Rc8 15. Be3 e6 16. Qa4 Qd7 17. Rfc1 Nxe5 18. Qxd7 Nxd7 19. Bb7 Rb8 20. Rc7 Nf6 21. Rbc1 a5 22. Rb1 Rfd8 23. Bg5 Rxd4 24. Be3 Nd5 25. Bxd5 Rxd5 26. Rxb6 Rxb6 27. Rc8+ Bf8 28. Bh6 1-0

[Event "KGZ-ch"]
[Site "Bishkek"]
[Date "2019.04.13"]
[Round "1"]
[White "Isirailov, Tynar"]
[Black "Iuldashev, Akmataly"]
[Result "1-0"]
[WhiteElo "1666"]
[BlackElo "1637"]
[PlyCount "67"]
[EventDate "2019.04.13"]
[EventType "swiss"]
[EventRounds "9"]
[EventCountry "KGZ"]
[SourceTitle "CBM 190 Extra"]
[Source "ChessBase"]
[SourceDate "2019.07.15"]
[SourceVersion "1"]
[SourceVersionDate "2019.07.15"]
[SourceQuality "1"]

1. c4 g6 2. d4 d6 3. Bf4 Nf6 4. Nf3 Bf5 5. Nc3 Bg7 6. h3 0-0 7. e3 Re8 8. Be2 Nbd7 9. g4 Be4 10. g5 Bxf3 11. Bxf3 Nh5 12. Bxh5 gxh5 13. Qxh5 e5 14. dxe5 Nxe5 15. Bxe5 Rxe5 16. h4 a5 17. Rg1 c6 18. Rg3 Qb6 19. Qe2 a4 20. a3 Qa5 21. 0-0-0 Re6 22. Qd3 Rae8 23. Rg4 Bxc3 24. Qxc3 Qxc3+ 25. bxc3 Re4 26. Rxe4 Rxe4 27. Rd4 Re6 28. Kd2 Kf8 29. f4 Ke7 30. Kd3 c5 31. Re4 f5 32. Rxe6+ Kxe6 33. e4 b6 34. h5 1-0

[Event "KGZ-ch HL"]
[Site "Bishkek"]
[Date "2018.05.19"]
[Round "9"]
[White "Isirailov, Tynar"]
[Black "Pahomeev, Oleg"]
[Result "0-1"]
[WhiteElo "1694"]
[BlackElo "1968"]
[PlyCount "75"]
[EventDate "2018.05.11"]
[EventType "swiss"]
[EventRounds "9"]
[EventCountry "KGZ"]
[SourceTitle "EXT 2019"]
[Source "ChessBase"]
[SourceDate "2018.10.10"]
[SourceVersion "1"]
[SourceVersionDate "2018.10.10"]
[SourceQuality "1"]

1. c4 Nf6 2. Nc3 e5 3. g3 Bb4 4. Bg2 0-0 5. Nf3 e4 6. Ng5 Bxc3 7. dxc3 Re8 8. Qc2 Qe7 9. 0-0 d6 10. Nh3 b6 11. Nf4 Bb7 12. Rd1 Nbd7 13. Nd5 Bxd5 14. cxd5 h6 15. c4 Qe5 16. Be3 a5 17. Bd4 Qe7 18. Rac1 Nh7 19. b3 f5 20. Qd2 Qf7 21. Rc3 Nc5 22. f3 exf3 23. exf3 Nd7 24. Rcc1 Re7 25. Re1 Rae8 26. a3 Nc5 27. Bxc5 dxc5 28. Kf2 Nf6 29. Bh3 Rxe1 30. Rxe1 Rxe1 31. Qxe1 g6 32. Qe5 Ne8 33. g4 Nd6 34. gxf5 gxf5 35. Ke3 a4 36. Kd3 axb3 37. Qe2 b5 38. Qf2 0-1

[Event "KGZ-ch HL"]
[Site "Bishkek"]
[Date "2018.05.13"]
[Round "3"]
[White "Isirailov, Tynar"]
[Black "Vishentsev, Aleksandr"]
[Result "0-1"]
[WhiteElo "1694"]
[BlackElo "1780"]
[PlyCount "72"]
[EventDate "2018.05.11"]
[EventType "swiss"]
[EventRounds "9"]
[EventCountry "KGZ"]
[SourceTitle "EXT 2019"]
[Source "ChessBase"]
[SourceDate "2018.10.10"]
[SourceVersion "1"]
[SourceVersionDate "2018.10.10"]
[SourceQuality "1"]

1. c4 c5 2. Nc3 Nc6 3. g3 g6 4. Bg2 Bg7 5. Nf3 e5 6. d3 Nge7 7. e4 d6 8. h3 Rb8 9. Rb1 a6 10. a3 b5 11. b3 b4 12. axb4 Rxb4 13. Bd2 Rb8 14. Na4 Nb4 15. Bxb4 Rxb4 16. 0-0 0-0 17. Ne1 Bd7 18. Nc2 Rb7 19. Nc3 Nc6 20. Nd5 Be6 21. Nce3 Qd7 22. Kh2 Rfb8 23. f4 exf4 24. Rxf4 Nd4 25. Ra1 Rxb3 26. Rxa6 Qb7 27. Ra2 Be5 28. Rf1 Rb2 29. Rxb2 Qxb2 30. Qa4 Qe2 31. Qa7 Rb2 32. Qe7 Nf3+ 33. Kh1 Bxh3 34. Qd8+ Kg7 35. Nf4 Bxf4 36. Rxf3 Bxg2+ 0-1